| 000 | 00679nam a2200241 4500 | ||
|---|---|---|---|
| 001 | 27239 | ||
| 003 | BD-RjUL | ||
| 005 | 20211209051130.0 | ||
| 008 | 140324s1939 enkabc 00110deng d | ||
| 035 | _a(BD-RjUL)27311 | ||
| 040 |
_aBD-RjUL _beng _cBD-RjUL |
||
| 041 | _aeng | ||
| 082 | 0 | 0 |
_a915.8 _bCEN 1939 |
| 245 | 1 | 0 |
_aCentral Asia : _bpersonal narrative of General Josiah Harlan, 1823-1841 / _cedited by Frank E. Ross. |
| 260 | 0 |
_aLondon : _bLuzac, _c1939. |
|
| 300 |
_a163 p. : _bill. ; _c22 cm. |
||
| 504 | _aIncludes Index | ||
| 651 | 0 |
_aAfghanistan. _983580 |
|
| 700 | 1 | 0 |
_aRoss, Frank E. _983581 |
| 942 |
_2ddc _cBK |
||
| 999 |
_c27239 _d27239 |
||